000
00324nam a22001457a 4500
020
_a
81-203-0969-3
041
_a
ENG
100
_a
Brady .N.C
245
_a
The Nature And Properties of Soils
250
_a
Tenth Edition
260
_a
Delhi
_b
Prentice Hall of India
_c
1999
300
_a
621
650
_a
APE
856
_u
APE
999
_c
307
_d
307